Moi tri zhizni : avtobiograficheskie ocherki /

Bibliographic Details
Main Author: Piroschkow, Vera, 1921-
Format: Book
Language:Russian
Published: Sankt-Peterburg : Zhurnal "Neva", 2002.
Subjects:

MARC

Tag First Indicator Second Indicator Subfields
LEADER 00000cam a2200000 a 4500
001 in00002019721
005 20151031171241.0
008 030515s2002 ru a b 000 0arusod
010 |a  2003372148 
020 |a 5875160101 
035 |a (OCoLC)ocm53200622 
040 |a COO  |c COO  |d DLC  |d TXA  |d UtOrBLW 
042 |a lccopycat 
043 |a e-ru---  |a e-ur---  |a e-gw--- 
049 |a TXAM 
050 0 0 |a JC263  |b .P56 2002 
100 1 |a Piroschkow, Vera,  |d 1921- 
245 1 0 |a Moi tri zhizni :  |b avtobiograficheskie ocherki /  |c V.A. Pirozhkova. 
264 1 |a Sankt-Peterburg :  |b Zhurnal "Neva",  |c 2002. 
300 |a 607 pages :  |b illustrations ;  |c 21 cm. 
336 |a text  |b txt  |2 rdacontent 
337 |a unmediated  |b n  |2 rdamedia 
338 |a volume  |b nc  |2 rdacarrier 
504 |a Includes bibliographical references. 
505 2 |a Prilozhenie I. Chelovek v totalitarnom gosudarstve -- Prilozhenie II. Iz-pod glyb -- Prilozhenie III. Lenin i Bogdanov -- Prilozhenie IV. Voskresenie. 
600 1 0 |a Piroschkow, Vera,  |d 1921- 
650 0 |a Political scientists  |z Germany  |v Biography. 
650 0 |a Political scientists  |z Russia (Federation)  |v Biography. 
651 0 |a Soviet Union  |x Politics and government. 
948 |a cataloged  |b h  |c 2005/1/28  |d c  |e spoltoratski  |f 1:51:41 pm 
994 |a E0  |b TXA 
999 |a MARS 
999 f f |s aa574663-9dfc-33a4-925a-6adc9dac3c23  |i a325b8b6-f91f-3855-8e57-913ee55c5ddc  |t 0 
952 f f |p ric  |a Texas A&M University  |b Rellis Campus  |c Joint Library Facility  |d Remote Storage  |t 0  |e JC263 .P56 2002  |h Library of Congress classification  |i unmediated -- volume  |m A14831758293 
998 f f |a JC263 .P56 2002  |t 0  |l Remote Storage